MAASAI MARA UNIVERSITY

LIBRARY CATALOGUE

Contact Us: +254 020 2685356/7 or 0774 057787

Box: 861-20500, NAROK, KENYA

Email: info@mmarau.ac.ke

Reference and information services : (Record no. 31362)

MARC details
000 -LEADER
fixed length control field 02497nam a22003257a 4500
003 - CONTROL NUMBER IDENTIFIER
control field OSt
005 - DATE AND TIME OF LATEST TRANSACTION
control field 20190131131237.0
008 - FIXED-LENGTH DATA ELEMENTS--GENERAL INFORMATION
fixed length control field 120803s2013 ilua b 001 0 eng
020 ## - INTERNATIONAL STANDARD BOOK NUMBER
International Standard Book Number 9781783302338
040 ## - CATALOGING SOURCE
Original cataloging agency MMU
Language of cataloging eng
Transcribing agency MMU
Description conventions MMU
042 ## - AUTHENTICATION CODE
Authentication code pcc
050 00 - LIBRARY OF CONGRESS CALL NUMBER
Classification number Z711
Item number .C355 2018
082 00 - DEWEY DECIMAL CLASSIFICATION NUMBER
Classification number 025.5/2
Edition number 23
100 1# - MAIN ENTRY--PERSONAL NAME
Personal name Cassell, Kay Ann.
245 10 - TITLE STATEMENT
Title Reference and information services :
Remainder of title an introduction /
Statement of responsibility, etc. Kay Ann Cassell and Uma Hiremath.
250 ## - EDITION STATEMENT
Edition statement fourth edition.
264 #1 - PRODUCTION, PUBLICATION, DISTRIBUTION, MANUFACTURE, AND COPYRIGHT NOTICE
Place of production, publication, distribution, manufacture London :
Name of producer, publisher, distributor, manufacturer Facet,
Date of production, publication, distribution, manufacture, or copyright notice 2018.
300 ## - PHYSICAL DESCRIPTION
Extent 484 pages :
Dimensions 23 cm
336 ## - CONTENT TYPE
Content type term text
Source rdacontent
337 ## - MEDIA TYPE
Media type term unmediated
Source rdamedia
338 ## - CARRIER TYPE
Carrier type term volume
Source rdacarrier
504 ## - BIBLIOGRAPHY, ETC. NOTE
Bibliography, etc Includes bibliographical references and indexes.
505 0# - FORMATTED CONTENTS NOTE
Formatted contents note Introduction to reference and information services -- Determining the question : in-person, telephone, and virtual reference interviews -- Finding the answer : basic search techniques -- Answering questions about books, magazines, newspapers, libraries and publishing, and bibliographic networks : bibliographic resources -- Answering questions about anything and everything : encyclopedias -- Answering questions that requires handy facts : ready reference sources -- Answering questions about words : dictionaries -- Answering questions about events and issues, past and present : indexes and full-text databases -- Answering questions about health, law and business : special guidelines and sources -- Answering questions about geography, countries and travel : atlases, gazetteers, maps, geographic information systems and travel guides -- Answering questions about the lives of people : biographical information sources -- Answering questions about governments : government information sources -- When and how to use the internet as a reference tool -- Reader's advisory work / Cindy Orr -- Reference work with children and young adults / Meghan Harper -- Information literacy in the reference department -- Selecting and evaluating reference materials -- Ethics in reference / Angela Ecklund -- Managing reference departments -- Assessing and improving reference services -- Reference 2.0 -- The future of information service -- Appendix. RUSA outstanding reference sources 2007-2012.
650 #0 - SUBJECT ADDED ENTRY--TOPICAL TERM
Topical term or geographic name as entry element Reference services (Libraries)
650 #0 - SUBJECT ADDED ENTRY--TOPICAL TERM
Topical term or geographic name as entry element Electronic reference services (Libraries)
650 #0 - SUBJECT ADDED ENTRY--TOPICAL TERM
Topical term or geographic name as entry element Reference books
Form subdivision Bibliography.
650 #0 - SUBJECT ADDED ENTRY--TOPICAL TERM
Topical term or geographic name as entry element Electronic reference sources
Form subdivision Directories.
700 1# - ADDED ENTRY--PERSONAL NAME
Personal name Hiremath, Uma.
942 ## - ADDED ENTRY ELEMENTS (KOHA)
Source of classification or shelving scheme Library of Congress Classification
Koha item type L
Holdings
Withdrawn status Lost status Source of classification or shelving scheme Damaged status Not for loan Home library Current library Date acquired Source of acquisition Total Checkouts Full call number Barcode Date last seen Price effective from Koha item type
    Library of Congress Classification     Maasai Mara University Library -Main Campus Maasai Mara University Library -Main Campus 01/31/2019 Donation- Rattansi Educational Trust   Z711 .C355 2018 17037244 01/31/2019 01/31/2019 L
© 2016 Maasai Mara University.